| 000 | 01460cam a2200361 a 4500 | ||
|---|---|---|---|
| 001 | 16895529 | ||
| 003 | OSt | ||
| 005 | 20231121162152.0 | ||
| 008 | 110729s2012 nyuab b 001 0 eng | ||
| 010 |
_a 2011935512 _z 2011927910 |
||
| 020 | _a9781111312336 | ||
| 020 | _a1111312338 | ||
| 040 |
_aDLC _cDLC _dDLC |
||
| 042 | _apcc | ||
| 050 | 0 | 0 |
_aSB91 _b.S48 2012 |
| 082 |
_a630 _bSHE/I |
||
| 100 | 1 |
_aSheaffer, Craig C. _99920 |
|
| 245 | 1 | 0 |
_aIntroduction to agronomy : _bfood, crops, and environment / _cCraig C. Sheaffer, Kristine M. Moncada. |
| 250 | _a2nd ed. | ||
| 260 |
_aClfton Park, NY : _bDelmar Cengage Learning, _cc2012. |
||
| 300 |
_axvi, 704 p. : _bcol. ill., col. maps ; 26 cm. |
||
| 504 | _aIncludes bibliographical references and index. | ||
| 650 | 0 | _aAgronomy. | |
| 650 | 0 | _aFood crops. | |
| 700 | 1 | _aMoncada, Kristine M. | |
| 856 | 4 | 2 |
_3Contributor biographical information _uhttp://www.loc.gov/catdir/enhancements/fy1312/2011935512-b.html |
| 856 | 4 | 2 |
_3Publisher description _uhttp://www.loc.gov/catdir/enhancements/fy1312/2011935512-d.html |
| 856 | 4 | 1 |
_3Table of contents only _uhttp://www.loc.gov/catdir/enhancements/fy1312/2011935512-t.html |
| 906 |
_a7 _bcbc _corigcop _d3 _eepcn _f20 _gy-gencatlg |
||
| 942 |
_2ddc _cBK _h630 _iSHE/I _k630 _mSHE/I |
||
| 999 |
_c43656 _d43656 |
||